Countries Where the Bible is Banned - Statistics

General Stats
  • This quiz has been taken 2,391 times
  • The average score is 6 of 10
Answer Stats
Countries % Correct
Iran
87%
Saudi Arabia
84%
Iraq
83%
North Korea
77%
China
74%
Yemen
74%
Somalia
46%
Laos
28%
Uzbekistan
24%
Maldives
21%
No matching quizzes found
Score Distribution
Percent of People with Each Score
Percentile by Number Answered
Your Score History
You have not taken this quiz